Statystyki dla Państwa z kierunkami geograficznymi w nazwie

Kliknij tutaj aby rozwiązać quiz!

Ogólne statystyki

  • Ten quiz został rozwiązany 22 480 razy
  • Średni wynik to 4 z 6

Statystyki odpowiedzi

Państwo% Poprawnych
Korea Północna
80%
Korea Południowa
80%
Sudan Południowy
62%
Timor Wschodni
56%
Macedonia Północna
52%
Republika Południowej Afryki
43%

Rozkład punktacji

Percentyl według liczby udzielonych odpowiedzi

Procent ludzi z każdym wynikiem

Twoja historia wyników

Nie rozwiązałeś tego quizu